Introducing Psychology /
Obra introductoria a las diversas ramas de la psicología. Además de traza la historia de esta disciplina, de delimita su campo de estudio y se describen sus principales escuelas o corrientes: introspección, biopsicología, psicoanálisis, conductismo, etología, acercamientos cognoscitivos (incluyendo...
Đã lưu trong:
| Tác giả chính: | |
|---|---|
| Tác giả khác: | |
| Định dạng: | Sách |
| Ngôn ngữ: | Tiếng Anh |
| Được phát hành: |
Cambridge, Inglaterra :
Icon Books,
1999, c1998
|
| Loạt: | (Introducing)
(Psychology) |
| Những chủ đề: | |
| Các nhãn: |
Không có thẻ, Là người đầu tiên thẻ bản ghi này!
|
MARC
| LEADER | 00000nam^a2200000^a^4500 | ||
|---|---|---|---|
| 001 | 000163931 | ||
| 005 | 20250521000000.0 | ||
| 009 | 20260310100925.487 | ||
| 020 | |a 1-84046-059-8 | ||
| 037 | |a Acervo ITESO - Biblioteca | ||
| 041 | |a ING | ||
| 082 | |a 920. 02 |b PRI V. 104 | ||
| 100 | |a Benson, Nigel C. |e (autor) | ||
| 240 | 1 | 1 | |a [Principiantes] |
| 240 | 1 | 1 | |a [Psychology for Begginers] |
| 245 | 1 | 0 | |a Introducing Psychology / |c N.C. Benson ; ed. de R. Appignanesi. |
| 264 | 4 | |a Cambridge, Inglaterra : |b Icon Books, |c 1999, c1998 | |
| 300 | |a 171 p. | ||
| 336 | |a texto |b txt |2 rdacontenido | ||
| 337 | |a sin mediación |b n |2 rdamedio | ||
| 338 | |a volumen |b nc |2 rdasoporte | ||
| 440 | 1 | |a (Introducing) | |
| 440 | 1 | |a (Psychology) | |
| 520 | |a Obra introductoria a las diversas ramas de la psicología. Además de traza la historia de esta disciplina, de delimita su campo de estudio y se describen sus principales escuelas o corrientes: introspección, biopsicología, psicoanálisis, conductismo, etología, acercamientos cognoscitivos (incluyendo la terapia Gestalt), psicología social, psicología evolutiva y humanismo. | ||
| 649 | |a XX | ||
| 650 | |a Comportamiento Social | ||
| 650 | |a Psicología Cognitiva | ||
| 650 | |a Humanismo | ||
| 650 | |a Conductismo | ||
| 650 | |a Teoría y Terapia Gestalt | ||
| 650 | |a Psicoterapia | ||
| 650 | |a Psicopatología | ||
| 650 | |a Psicoanálisis | ||
| 650 | |a Etología | ||
| 650 | |a Psiquiatría | ||
| 650 | |a Psicología Fisiológica | ||
| 650 | |a Psicología Clínica | ||
| 650 | |a Psicología Social | ||
| 650 | |a Psicología Evolutiva | ||
| 700 | |a Appignanesi, Richard |e (edición) | ||
| 910 | |a Fondo General | ||
| 920 | |a Impresos - Libros | ||
| 930 | |a Colección General | ||
| 905 | |a 101 | ||
| 901 | |a 0500097902 |b IT1 |c ACC |u 20250521 | ||
| 902 | |a https://opac.biblio.iteso.mx/vufind/Record/000163931 | ||